Aktuálne problémy v rozvoji hospodárskej úpravy lesov Zborník referátov. Sympózium. Zvolen, 21.-22. júna 1994 ; Zost. Milan Hladík, Ladislav Brezina

Bibliographic Details
Other Authors: Hladík, Milan, 1937- (Compiler), Brezina, Ladislav (Compiler)
Format: Book
Language:Slovak
PhysicalDescription:178 s., 8,67 AH, 9,76 VH Grafy, sch., tab., lit. 108 zázn. v angl., slov. a poľ. 21 cm
Published: Zvolen Technická univerzita 1994
ISBN:8022803375
Edition:1. vyd.
Subjects:

MARC

LEADER 00000nam a2200000 a 4500
001 vtls001075865
003 SK-MaSNL
005 20260301183137.0
008 250414s1994 xo slo
015 |a SNBA1994/08 
020 |a 8022803375 
035 |a SNK000018698 
035 |a urn:nbn:sk:snk-amke6s 
035 |a urn:nbn:sk:snk-am0089ut 
035 |a 88E8F63E-78E3-4CC2-9DE3-6355F03EAA08 
040 |a SNK  |b slo  |c SNK  |e AACR2 
041 0 |a slo 
044 |a xo  |c SK 
080 |a 630(082)  |2 1981 
245 0 0 |a Aktuálne problémy v rozvoji hospodárskej úpravy lesov  |b Zborník referátov. Sympózium. Zvolen, 21.-22. júna 1994 ; Zost. Milan Hladík, Ladislav Brezina 
250 |a 1. vyd. 
260 |a Zvolen  |b Technická univerzita  |c 1994  |e Zvolen  |f Edičné stredisko TU 
300 |a 178 s., 8,67 AH, 9,76 VH  |b Grafy, sch., tab., lit. 108 zázn. v angl., slov. a poľ.  |c 21 cm 
366 |e 90 výt. 
500 |a Čl. aj angl., čes. a nem. 
655 7 |a zborníky  |2 SNK  |9 70165 
700 1 |a Hladík, Milan,  |d 1937-  |4 com  |9 110976 
700 1 |a Brezina, Ladislav  |4 com  |9 9618 
852 |a Slovenská národná knižnica 
919 |a 80-228-0337-5 
958 |a RM 
958 |a NB 
999 |c 855991  |d 857921 
952 |t P60, <04>, [BOOK], {604}  |a SNK  |b SNK  |y VYP  |7 0  |p 17A0064826  |o snkSC 86150 D1  |0 0  |1 0  |4 0  |d 1997-05-09  |f 1  |l 0  |r 2004-12-31 00:00:00  |w 2026-02-24 
952 |t P60, <03>, [BOOK], {603}  |a SNK  |b SNK  |y PREZ  |7 0  |p 17A0223050  |o snkSC 86150  |0 0  |1 0  |4 0  |d 1999-12-30  |l 0  |r 2004-12-31 00:00:00  |w 2026-02-24